Countries by percentage of the total area of their continent - Statistics

General Stats
  • This quiz has been taken 255 times
  • The average score is 10 of 10
Answer Stats
Percentage Country % Correct
39,9% United States of America
100%
90,2% Australia
99%
38,9% European Russia
99%
47,7% Brazil
98%
40,4% Canada
98%
21,5% China
98%
29,5% Asian Russia
94%
15,6% Argentina
92%
8% Mexico
92%
7,9% Algeria
85%
No matching quizzes found
Score Distribution
Percent of People with Each Score
Percentile by Number Answered
Your Score History
You have not taken this quiz